Elektronnaja vyčislitel'naja mašina EC 1045

Gespeichert in:
Bibliographische Detailangaben
Format: Buch
Sprache:Russisch
Veröffentlicht: Moskva Finansy i statistika 1981
Tags: Tag hinzufügen
Keine Tags, Fügen Sie das erste Tag hinzu!

MARC

LEADER 00000nam a2200000 4500
001 c134755
005 20260202111322.5
041 0 |a rus 
044 |a RU 
245 1 0 |a Elektronnaja vyčislitel'naja mašina EC 1045 
264 1 |a Moskva  |b Finansy i statistika  |c 1981 
300 |a 182 s.